ARRUPE JESUIT UNIVERSITY

CORONAVIRUS -STOP THE SPREAD - CLEAN,DISINFECT,COVER

Where were you, brother? : (Record no. 124585)

MARC details
000 -LEADER
fixed length control field 01103cam a2200313 i 4500
001 - CONTROL NUMBER
control field 1816292
003 - CONTROL NUMBER IDENTIFIER
control field ARRUPE
005 - DATE AND TIME OF LATEST TRANSACTION
control field 20160412151904.0
008 - FIXED-LENGTH DATA ELEMENTS--GENERAL INFORMATION
fixed length control field 791115s1978 enkaf b 000 0 eng
010 ## - LIBRARY OF CONGRESS CONTROL NUMBER
LC control number 79318679
015 ## - NATIONAL BIBLIOGRAPHY NUMBER
National bibliography number GB***
020 ## - INTERNATIONAL STANDARD BOOK NUMBER
International Standard Book Number 0905990072 :
Terms of availability £4.95.
020 ## - INTERNATIONAL STANDARD BOOK NUMBER
Cancelled/invalid ISBN 0905990048 (pbk.)
040 ## - CATALOGING SOURCE
Original cataloging agency DLC
Transcribing agency DLC
Modifying agency DLC
043 ## - GEOGRAPHIC AREA CODE
Geographic area code e-uk---
-- n-us---
050 00 - LIBRARY OF CONGRESS CALL NUMBER
Classification number HD6475.A1
Item number T47
082 00 - DEWEY DECIMAL CLASSIFICATION NUMBER
Classification number 331.88/091
300 ## - PHYSICAL DESCRIPTION
Other physical details ill. ;
Dimensions 22 cm.
100 1# - MAIN ENTRY--PERSONAL NAME
Personal name Thomson, Don.
9 (RLIN) 23719
245 10 - TITLE STATEMENT
Title Where were you, brother? :
Remainder of title an account of trade union imperialism /
Statement of responsibility, etc by Don Thomson and Rodney Larson.
260 ## - PUBLICATION, DISTRIBUTION, ETC. (IMPRINT)
Place of publication, distribution, etc London :
Name of publisher, distributor, etc War on Want,
Date of publication, distribution, etc c1978.
300 ## - PHYSICAL DESCRIPTION
Extent 138 p.;
504 ## - BIBLIOGRAPHY, ETC. NOTE
Bibliography, etc Includes bibliographical references.
650 #0 - SUBJECT ADDED ENTRY--TOPICAL TERM
Topical term or geographic name as entry element International labor activities
General subdivision History.
9 (RLIN) 23720
650 #0 - SUBJECT ADDED ENTRY--TOPICAL TERM
Topical term or geographic name as entry element Labor unions and international relations
Geographic subdivision United States
General subdivision History.
9 (RLIN) 23721
650 #0 - SUBJECT ADDED ENTRY--TOPICAL TERM
Topical term or geographic name as entry element Labor unions and international relations
Geographic subdivision Great Britain
General subdivision History.
9 (RLIN) 23722
700 1# - ADDED ENTRY--PERSONAL NAME
Personal name Larson, Rodney,
Relator term joint author.
9 (RLIN) 23723
906 ## - LOCAL DATA ELEMENT F, LDF (RLIN)
a 7
b cbc
c orignew
d 4
e ncip
f 19
g y-gencatlg
942 ## - ADDED ENTRY ELEMENTS (KOHA)
Source of classification or shelving scheme Library of Congress Classification
Koha item type Monograph ( Printed materials)
Holdings
Withdrawn status Lost status Source of classification or shelving scheme Damaged status Not for loan Collection code Home library Current library Shelving location Date acquired Total Checkouts Full call number Barcode Date last seen Price effective from Koha item type
    Library of Congress Classification     Main Collection ARRUPE LIBRARY ARRUPE LIBRARY Main Collection 12/04/2016   HD6475.A1T47 46500003968 08/05/2018 12/04/2016 Monograph ( Printed materials)

 

Arrupe Library. PO Box MP320 Mt Pleasant, Harare, Zimbabwe
263 242 745411|librarian@aju.ac.zw